LIBRARY & INFORMATION CENTRE, KCAET, TAVANUR

ONLINE PUBLIC ACCESS CATALOGUE (OPAC)

Common english sayings / (Record no. 8718)

MARC details
000 -LEADER
fixed length control field 00398cam a2200169ua 4500
041 ## - LANGUAGE CODE
Language code of text/sound track or separate title eng
082 ## - DEWEY DECIMAL CLASSIFICATION NUMBER
Classification number 428
Item number JOH/CO
100 ## - MAIN ENTRY--AUTHOR NAME
Personal name Johnson, A .
245 ## - TITLE STATEMENT
Title Common english sayings /
260 ## - PUBLICATION, DISTRIBUTION, ETC. (IMPRINT)
Place of publication London :
Name of publisher Longman Green and Co ,
Year of publication 1959.
300 ## - PHYSICAL DESCRIPTION
Number of Pages 152 ; .
942 ## - ADDED ENTRY ELEMENTS (KOHA)
Koha item type Books
Holdings
Withdrawn status Lost status Damaged status Home library Current library Date acquired Full call number Accession Number Koha item type
Withdrawn     KAUAET Sanskrit University 07/04/2012 428 4022 Books
free website counter